000 00647nab a22001937a 4500
003 OSt
005 20250507030415.0
008 250404t2010 |||||||| |||| 00| 0 eng d
040 _cJMCFI - Learning Resource Center
082 _aPer. 370.7'051 M689 2010-2011
100 _aRevelo, Benedict Rule
_931069
245 _aChristmas time /
_cBenedict Rule Revelo.
260 _aManila :
_bThe Grade School, Inc.,
_c2011.
650 _aPoem.
_924857
650 _aChristmas time (Filipino poem).
_931871
650 _aPhilippine literature.
_9559
773 _g, volume 60, number 7 (December 2011) page 285.
_tThe Modern Teacher
942 _cPER.
_n0
_2lcc
999 _c10052
_d10052